Countries Most Similar To United Kingdom - Statistics

General Stats
  • This quiz has been taken 504 times
  • The average score is 14 of 20
Answer Stats
Rank Country Score % Correct
1 Ireland 83.1
95%
11 France 72.5
92%
4 Germany 76.9
92%
10 Sweden 73
87%
9 Norway 73.7
86%
15 US 69.7
86%
3 Denmark 78.8
83%
2 Netherlands 79.5
82%
18 Spain 68.1
82%
7 Australia 74.8
80%
12 Canada 71
80%
6 Belgium 75.7
77%
5 New Zealand 76.4
72%
17 Switzerland 68.5
66%
14 Austria 69.7
61%
16 Poland 69
60%
20 Iceland 67.4
54%
8 Luxembourg 74.3
51%
13 Czechia 70.1
37%
19 Latvia 68.1
19%
No matching quizzes found
Score Distribution
Percent of People with Each Score
Percentile by Number Answered
Your Score History
You have not taken this quiz